| 000 | 01525nam2a22003131 4500 | ||
|---|---|---|---|
| 001 | rc\2118241 | ||
| 005 | 20110829170819.9 | ||
| 035 | _a(NLR Aleph) 006489116 | ||
| 090 |
_a6113701 _c6113701 |
||
| 100 | _a20110829d1978 |||y0rusy50 ca | ||
| 101 | 0 | _arus | |
| 102 | _aRU | ||
| 105 | _aa z ||||| | ||
| 200 | 0 |
_aВып. 3 _f[Принимали участие: Б.Н. Артамонов, И.П. Галабурда, В.Д. Жилеев и др.] _gПод ред. Л.А. Майбороды и Б.В. Скрылева |
|
| 210 | _d1978 | ||
| 215 |
_a69 с. _cил. |
||
| 320 | _aБиблиогр.: с. 67-68 | ||
| 333 | _aДля внутривед. продажи | ||
| 461 | 0 |
_1001rc\2118239 _12001#$aАлгоритмы и программы исследования систем управления$eМетод. пособие$eВып. 2-$fВоен. инж. ин-т им. А.Ф. Можайского$vВып. 3 _97460649 _cЛенинград _d1978 _fВоен. инж. ин-т им. А.Ф. Можайского _nБ. и. _oМетод. пособие : Вып. 2- _tАлгоритмы и программы исследования систем управления _vВып. 3 |
|
| 702 | 1 |
_aЖилеев _bВ. Д. _4570 |
|
| 702 | 1 |
_aМайборода _bЛ. А. _4340 |
|
| 702 | 1 |
_aСкрылев _bБ. В. _4340 |
|
| 702 | 1 |
_aГалабурда _bИ. П. _4570 |
|
| 702 | 1 |
_aАртамонов _bБ. Н. _4570 |
|
| 801 | 0 |
_aRU _bNLR _gpsbo |
|
| 801 | 1 |
_aRU _bELAR _2rusmarc |
|
| 852 |
_aNLR _j78-50К/1595 |
||
| 942 | _cBOOK | ||
| 980 | _aNB | ||